The procurement game plan (Record no. 61406)
[ view plain ]
| 000 -LEADER | |
|---|---|
| fixed length control field | 01372nam a2200337 a 4500 |
| 082 04 - DEWEY DECIMAL CLASSIFICATION NUMBER | |
| Classification number | 658.7/2 |
| 100 1# - MAIN ENTRY--AUTHOR NAME | |
| Personal name | Dominick, Charles, |
| 245 14 - TITLE STATEMENT | |
| Title | The procurement game plan |
| 260 ## - PUBLICATION, DISTRIBUTION, ETC. (IMPRINT) | |
| Place of publication | Fort Lauderdale, FL : |
| Name of publisher | J. Ross Pub., |
| Year of publication | c2012. |
| 300 ## - PHYSICAL DESCRIPTION | |
| Number of Pages | xviii, 251 p. : |
| Other physical details | ill. |
| 650 #0 - SUBJECT ADDED ENTRY--TOPICAL TERM | |
| Topical Term | Business logistics. |
| Topical Term | Industrial procurement. |
| Topical Term | Purchasing. |
| 700 1# - ADDED ENTRY--PERSONAL NAME | |
| Personal name | Lunney, Soheila R., |
| 856 40 - ELECTRONIC LOCATION AND ACCESS | |
| Uniform Resource Identifier | http://site.ebrary.com/lib/rucke/Doc?id=10667712 |
No items available.
